Grandes dates histoire anglaise période moderne - Statistiques

Statistiques générales
  • Ce quiz a été pris 22 fois
  • Le résultat moyen est 5 sur 10
Statistiques - réponses
Évènement Réponse % Correct
Exécution de Charles Ier 1649
75%
Débarquement de Guillaume d'Orange en Angleterre 1688
75%
Acte de Suprématie faisant d'Henri VIII le chef de l'Église d'Angleterre 1534
63%
Adoption des 39 articles par Elisabeth Ière, création de l'anglicanisme 1563
56%
Déclaration des Droits, établissement d'une monarchie parlementaire 1689
56%
Acte d'uniformité de Charles II, les anglais doivent prêter 2 serments : obéissance à la hiérarchie de l'Église et adhésion à la doctrine anglicane 1662
38%
Acte du Test de Charles II, exclusion des officiers catholiques 1673
31%
Act of Settlement, dynasties Hanovre sur le trône d'Angleterre après Ann 1701
31%
Principe d'Habbeas Corpus 1679
19%
Toleration Act 1689
19%
Aucun quiz correspondant
Distribution des résultats
% des personnes avec chaque résultat
Percentile par nombre de réponses
Votre historique - résultats
Vous n’avez pas pris ce quiz